| 000 | 00524nam a2200181Ia 4500 | ||
|---|---|---|---|
| 008 | 240925s9999 xx 000 0 und d | ||
| 020 | _a9788131702444 | ||
| 082 | _a005.133 BAA | ||
| 100 | _aBaase., Sara | ||
| 245 | 0 | _aComputer Algorithms Introduction to Design and Analysis | |
| 250 | _a3rd | ||
| 260 |
_aNew Delhi: _bPearson Printice Hall _c,2013. |
||
| 300 |
_axxi,682p. _bNA _fNA |
||
| 500 | _aIncludes Index | ||
| 600 | _aComputer Science | ||
| 650 | _aComputer science, information & general works | ||
| 942 | _cBK | ||
| 999 |
_c12993 _d12993 |
||